000 00592nam a22001937a 4500
999 _c31455
_d31452
003 OSt
005 20190318113704.0
008 190318b ||||| |||| 00| 0 eng d
020 _a0851106749
040 _aMMU
_cMMU
_dMMU
_dMMU
_beng
050 0 0 _aBT453 .S675 1996
100 1 _aStott, John R. W.
245 1 4 _aThe Cross of Christ /
_cJohn R.W. Stott ; foreword by Alister McGrath.
260 _aDowners Grove, Ill. :
_bIVP Books,
_cc2006.
300 _a416 p. ;
_c24 cm.
500 _aIncludes bibliographical references and indexes.
650 0 _aChristian life
942 _2lcc
_cLOAN LOAN